Personnel financial management (Record no. 81818)

MARC details
000 -LEADER
fixed length control field 00657nam a2200145 a 4500
008 - FIXED-LENGTH DATA ELEMENTS--GENERAL INFORMATION
fixed length control field 120416s1983 ||||||||||||||||| || u
050 ## - LIBRARY OF CONGRESS CALL NUMBER
Classification number HG 179 Wei
100 ## - MAIN ENTRY--PERSONAL NAME
Personal name Weirich, Jean Luttrell
245 10 - TITLE STATEMENT
Title Personnel financial management
260 ## - PUBLICATION, DISTRIBUTION, ETC.
Place of publication, distribution, etc. Boston
Name of publisher, distributor, etc. Little, Brown and Company
Date of publication, distribution, etc. 1983
300 ## - PHYSICAL DESCRIPTION
Extent xviii, 604p. : ill
350 ## -
-- 0.00
995 ## -
-- MAIN LIBRARY OPEN ACCESS
-- 0.00
-- 713169
-- CBU-MAIN LIBRARY (Kitwe)
-- 2
-- 21.95
-- HG 179 Wei
-- 1
-- AVAILABLE
-- 005986
-- Main Library Open Access Collection
995 ## -
-- MAIN LIBRARY OPEN ACCESS
-- 0.00
-- 710861
-- CBU-MAIN LIBRARY (Kitwe)
-- 1
-- 21.95
-- HG 179 Wei
-- 2
-- AVAILABLE
-- 005987
-- Main Library Open Access Collection
999 ## -
-- 81818
-- 81818
Holdings
Withdrawn status Lost status Source of classification or shelving scheme Damaged status Not for loan Permanent Location Current Location Shelving location Date acquired Total Checkouts Full call number Barcode Date last seen Copy number Price effective from Koha item type
          CBU-MAIN LIBRARY, KITWE. CBU-MAIN LIBRARY, KITWE.   09/12/2023   HG 179 Wei 005986 09/12/2023 1 09/12/2023 MONOGRAPH
          CBU-MAIN LIBRARY, KITWE. CBU-MAIN LIBRARY, KITWE.   09/12/2023   HG 179 Wei 005987 09/12/2023 2 09/12/2023 MONOGRAPH